Desarrollo y cambio socio-económico en el Ecuador /
Kaydedildi:
| Materyal Türü: | Kitap |
|---|---|
| Dil: | Spanish |
| Baskı/Yayın Bilgisi: |
Quito, Ecuador:
Ediciones LIBRI MUNDI,
1979
|
| Etiketler: |
Etiketle
Etiket eklenmemiş, İlk siz ekleyin!
|
MARC
| LEADER | 00000nam a22000007a 4500 | ||
|---|---|---|---|
| 003 | cru CIDCACS/IIS | ||
| 005 | 20170526161725.0 | ||
| 007 | ta | ||
| 008 | 170526t1979 ec ||||| |||| 00| 0 spa d | ||
| 040 | |c cru CIDCACS/IIS | ||
| 090 | |a 02.01.02 C397d | ||
| 245 | 0 | |a Desarrollo y cambio socio-económico en el Ecuador / |c Centro Andino de Estudios e Investigaciones | |
| 260 | |a Quito, Ecuador: |b Ediciones LIBRI MUNDI, |c 1979 | ||
| 300 | |a 232 páginas: |b tablas | ||
| 942 | |2 ddc |c LI | ||
| 999 | |c 19408 |d 19408 | ||
